[Event "Tackle an Elephant"]
[Site "SchemingMind.com"]
[Date "2015.06.24"]
[Round "-"]
[White "tyler_ensor"]
[Black "Scooter"]
[Result "1-0"]
[WhiteCountry "CAN"]
[BlackCountry "USA"]
[WhiteElo "1793"]
[WhiteRD "81"]
[BlackElo "1710"]
[BlackRD "48"]
[GameID "382544"]

1. b3 Nf6 2. Bb2 g6 3. e4 d6 4. g3 Bg7 5. Bg2 O-O 6. Ne2 e5 7. O-O Bg4 8. h3 Bxe2 9. Qxe2 Nbd7 10. Nc3 Re8
11. Rad1 a6 12. a4 Bf8 13. d4 exd4 14. Rxd4 Nc5 15. f4 Bg7 16. e5 Rb8 17. Qf2 Nfd7 18. Rd5 dxe5 19. fxe5 Rxe5 20. Qxf7+ Kh8
21. Ne2
1-0

[Event "Tackle an Elephant"]
[Site "SchemingMind.com"]
[Date "2015.06.24"]
[Round "-"]
[White "Scooter"]
[Black "tyler_ensor"]
[Result "0-1"]
[WhiteCountry "USA"]
[BlackCountry "CAN"]
[WhiteElo "1707"]
[WhiteRD "48"]
[BlackElo "1825"]
[BlackRD "76"]
[GameID "382545"]

1. d4 d6 2. Nf3 Nf6 3. Bf4 g6 4. e3 Bg7 5. Be2 O-O 6. O-O Nbd7 7. Nbd2 Nh5 8. Bg5 h6 9. Bh4 Qe8 10. Rb1 f5
11. c3 g5 12. Nxg5 hxg5 13. Bxh5 Qd8 14. Bxg5 Nf6 15. Bxf6 Rxf6 16. Be2 Be6 17. Bc4 d5 18. Be2 Bf7 19. Nf3 Rg6 20. Nh4 Rf6
21. Qc2 e6 22. Nf3 Rg6 23. Ne5 Bxe5 24. dxe5 Qg5 25. Bf3 Rg7 26. g3 Bg6 27. h4 Qh6 28. Be2 f4 29. Bd3 Bh5 30. exf4 Qxf4
31. Rbe1 Qxh4 32. Be2 Rf8 33. Bxh5 Qxh5 34. Kg2 Qf3+ 35. Kg1 Rh7
0-1

[Event "Tackle an Elephant"]
[Site "SchemingMind.com"]
[Date "2015.07.01"]
[Round "-"]
[White "tyler_ensor"]
[Black "Phillip Beckett"]
[Result "1-0"]
[WhiteCountry "CAN"]
[BlackCountry "ENG"]
[WhiteElo "1825"]
[WhiteRD "76"]
[BlackElo "1590"]
[BlackRD "50"]
[GameID "382851"]

1. d4 d5 2. c4 e6 3. Nc3 Nf6 4. Bg5 Be7 5. e3 h6 6. Bh4 O-O 7. Nf3 Ne4 8. Bxe7 Qxe7 9. cxd5 Nxc3 10. bxc3 exd5
11. Qb3 c6 12. c4 Be6 13. Be2 dxc4 14. Bxc4 Bxc4 15. Qxc4 Nd7 16. O-O Nb6 17. Qb3 Qe6 18. Qxe6 fxe6 19. Ne5 Rad8 20. Rab1 Rf5
21. Rfc1 Rg5 22. a4 Nd5 23. Rxb7 Nf6 24. Rxa7 Nd5 25. Rxc6 Rb8 26. g3 Rb1+ 27. Kg2 Rb2 28. Rxe6 Nxe3+ 29. Kf3 Nd5 30. Ra8+ Kh7
31. Rf8 Rb3+ 32. Ke2 Nc3+ 33. Ke1 Ra3 34. Nf7 Rf5 35. Rh8#
1-0

[Event "Tackle an Elephant"]
[Site "SchemingMind.com"]
[Date "2015.07.01"]
[Round "-"]
[White "Phillip Beckett"]
[Black "tyler_ensor"]
[Result "1-0"]
[WhiteCountry "ENG"]
[BlackCountry "CAN"]
[WhiteElo "1559"]
[WhiteRD "49"]
[BlackElo "1770"]
[BlackRD "83"]
[GameID "382852"]

1. e4 c5 2. Nf3 d6 3. d4 cxd4 4. Nxd4 Nf6 5. Nc3 g6 6. Be3 Bg7 7. Qd2 Ng4 8. Bb5+ Bd7 9. Bxd7+ Qxd7 10. f3 Nxe3
11. Qxe3 O-O 12. O-O-O Nc6 13. Nxc6 bxc6 14. e5 Bxe5 15. Qxe5 Qb7 16. Qd4 Rab8 17. b3 c5 18. Qd5 Qb4 19. Qd3 Rb6 20. Nd5 Qa3+
21. Kb1 Rb7 22. Qc3 a5 23. Qb2 Qxb2+ 24. Kxb2 a4 25. Rhe1 Re8 26. Nf6+
1-0

[Event "Tackle an Elephant"]
[Site "SchemingMind.com"]
[Date "2015.07.06"]
[Round "-"]
[White "Phillip Beckett"]
[Black "Scooter"]
[Result "1/2-1/2"]
[WhiteCountry "ENG"]
[BlackCountry "USA"]
[WhiteElo "1543"]
[WhiteRD "50"]
[BlackElo "1713"]
[BlackRD "49"]
[GameID "382853"]

1. e4 c6 2. d4 d5 3. Nc3 dxe4 4. Nxe4 Bf5 5. Ng3 Bg6 6. c3 Nd7 7. Bd3 Bxd3 8. Qxd3 Qc7 9. Nf3 O-O-O 10. Be3 Ngf6
11. O-O-O e6 12. Qd2 Bd6 13. Qc2 Bf4 14. Qd2 Bxg3 15. hxg3 Ng4 16. Bf4 e5 17. Nxe5 Ngxe5 18. dxe5 Nxe5 19. Qe3 f6 20. Rxd8+ Rxd8
21. Bxe5 Qxe5 22. Re1 Qd5 23. Qe6+ Qxe6 24. Rxe6 Kd7 25. Re2 Kc7 26. Re7+ Rd7 27. Rxd7+ Kxd7 28. Kd2 Kd6 29. Kd3 c5 30. Ke4 c4
31. f4 g6 32. g4 h6 33. Kd4 b5 34. g3 g5 35. f5 a6 36. a4 Kc6 37. axb5+ axb5 38. Ke4 Kc5 39. Ke3 Kd5 40. Kf3 Kc5
41. Ke4 b4 42. Ke3 bxc3 43. bxc3 Kd5 44. Kf3=
1/2-1/2

[Event "Tackle an Elephant"]
[Site "SchemingMind.com"]
[Date "2015.07.06"]
[Round "-"]
[White "Scooter"]
[Black "Phillip Beckett"]
[Result "0-1"]
[WhiteCountry "USA"]
[BlackCountry "ENG"]
[WhiteElo "1712"]
[WhiteRD "45"]
[BlackElo "1589"]
[BlackRD "49"]
[GameID "382854"]

1. d4 d5 2. Nf3 Nf6 3. Bf4 e6 4. h3 c5 5. e3 Nc6 6. c3 cxd4 7. cxd4 Bd6 8. Bxd6 Qxd6 9. a3 Bd7 10. Be2 Rc8
11. O-O O-O 12. Nbd2 Na5 13. Rc1 Rxc1 14. Qxc1 Rc8 15. Qb1 Ba4 16. Rc1 Qd7 17. Rxc8+ Qxc8 18. b3 Bd7 19. b4 Nc6 20. Bb5 a6
21. Bxc6 Bxc6 22. Qc2 Qe8 23. Ne5 Ne4 24. Nxe4 dxe4 25. Nxc6 Qxc6 26. Qxe4 Qxe4
0-1

[Event "Tackle an Elephant"]
[Site "SchemingMind.com"]
[Date "2015.07.11"]
[Round "-"]
[White "tyler_ensor"]
[Black "ray winteringham"]
[Result "1-0"]
[WhiteCountry "CAN"]
[BlackCountry "ENG"]
[WhiteElo "1825"]
[WhiteRD "76"]
[BlackElo "1473"]
[BlackRD "55"]
[GameID "383028"]

1. d4 Nf6 2. c4 d5 3. cxd5 Nxd5 4. e4 Nf6 5. Nc3 Bg4 6. f3 Bh5 7. Be3 e6 8. Bc4 Bb4 9. Ne2 O-O 10. O-O Be7
11. Nf4 Nbd7 12. e5 Bxf3 13. Qxf3 c6 14. exf6 Nxf6 15. Ne4 Re8 16. Nxf6+ Bxf6 17. Qf2 b5 18. Be2 a5 19. Bf3 Rc8 20. Rac1 g5
21. Nd3 h6 22. Bxc6 Re7 23. Bxb5 Rb8 24. Qxf6 Rxb5 25. Qxh6 Re8 26. Bxg5 Rxg5 27. Rc7 Rg6 28. Qc1 Qa8 29. g3 f5 30. Ne5 Rg7
31. Rxg7+ Kxg7 32. Qc7+ Kf6 33. Qf7+ Kg5 34. h4+ Kh6 35. Qg6#
1-0

[Event "Tackle an Elephant"]
[Site "SchemingMind.com"]
[Date "2015.07.11"]
[Round "-"]
[White "ray winteringham"]
[Black "tyler_ensor"]
[Result "0-1"]
[WhiteCountry "ENG"]
[BlackCountry "CAN"]
[WhiteElo "1476"]
[WhiteRD "52"]
[BlackElo "1823"]
[BlackRD "78"]
[GameID "383029"]

1. e4 c5 2. Nf3 d6 3. h3 Nf6 4. Nc3 a6 5. Be2 Nc6 6. O-O g6 7. b3 Bg7 8. Bb2 O-O 9. d3 b5 10. a3 Bb7
11. Rb1 Qa5 12. Nh2 Nd7 13. Na2 Nd4 14. Nf3 Nxe2+ 15. Qxe2 Nf6 16. Nc3 Nd7 17. Qe3 Nb8 18. a4 b4 19. Ne2 Nc6 20. Rfc1 Qc7
21. c3 bxc3 22. Bxc3 Qb6 23. b4 Bxc3 24. bxc5 Qa7 25. Nxc3 dxc5 26. Nd5 Rfd8 27. Qxc5 Qxc5 28. Rxc5 Rab8 29. Rxc6 Bxc6 30. Rxb8 Rxb8
31. Nxe7+ Kg7 32. Nxc6 Rc8 33. Ne7 Rc1+ 34. Kh2 Ra1 35. Nd5 Rxa4 36. Ne5 Rd4 37. f3 a5 38. Nc4 a4 39. Ncb6 a3 40. Nc3 Rxd3
41. Nbd5 f5 42. Kg1 Rd2 43. e5 Rxd5 44. e6 Re5 45. Nb1 a2 46. Nc3 a1=Q+
0-1

[Event "Tackle an Elephant"]
[Site "SchemingMind.com"]
[Date "2015.07.07"]
[Round "-"]
[White "Phillip Beckett"]
[Black "ray winteringham"]
[Result "1-0"]
[WhiteCountry "ENG"]
[BlackCountry "ENG"]
[WhiteElo "1589"]
[WhiteRD "49"]
[BlackElo "1497"]
[BlackRD "49"]
[GameID "383030"]

1. e4 e5 2. Nf3 Nc6 3. Bb5 d6 4. d4 a6 5. Bxc6+ bxc6 6. dxe5 Bb7 7. exd6 Qxd6 8. Qxd6 cxd6 9. O-O Be7 10. Bf4 Nf6
11. Nc3 O-O 12. Rad1 Rfe8 13. e5 Nd7 14. exd6 Bf6 15. Rfe1 Bxc3 16. bxc3 c5 17. Ne5 Nxe5 18. Bxe5 Bc6 19. d7 Red8 20. Bc7 Rf8
21. d8=Q Raxd8 22. Rxd8
1-0

[Event "Tackle an Elephant"]
[Site "SchemingMind.com"]
[Date "2015.07.07"]
[Round "-"]
[White "ray winteringham"]
[Black "Phillip Beckett"]
[Result "1-0"]
[WhiteCountry "ENG"]
[BlackCountry "ENG"]
[WhiteElo "1497"]
[WhiteRD "49"]
[BlackElo "1589"]
[BlackRD "49"]
[GameID "383031"]

1. e4 e5 2. Nf3 Nc6 3. d4 exd4 4. Nxd4 Bc5 5. c3 Qf6 6. Be3 Nxd4 7. cxd4 Bb4+ 8. Nc3 Ne7 9. Bd3 O-O 10. O-O c6
11. e5 Qe6 12. Ne4 Nd5 13. Ng5 Nxe3 14. Nxe6 Nxd1 15. Nxf8 Nxf2 16. Bxh7+ Kxf8 17. Rxf2 d5 18. Raf1 Be6 19. Bg6 Ke7 20. Bxf7 Bxf7
21. Rxf7+ Ke6 22. Rxg7
1-0

[Event "Tackle an Elephant"]
[Site "SchemingMind.com"]
[Date "2015.07.06"]
[Round "-"]
[White "Scooter"]
[Black "ray winteringham"]
[Result "1-0"]
[WhiteCountry "USA"]
[BlackCountry "ENG"]
[WhiteElo "1712"]
[WhiteRD "45"]
[BlackElo "1497"]
[BlackRD "49"]
[GameID "383032"]

1. d4 f6 2. Bf4 d6 3. Nf3 Nc6 4. e3 e5 5. dxe5 dxe5 6. Qxd8+ Nxd8 7. Bg3 Bd6 8. Be2 Ne7 9. O-O Bf5 10. c3 O-O
11. Nbd2 c5 12. Rfd1 b6 13. Nc4 Bc7 14. Nd6 Be6 15. Bc4 Bxd6 16. Bxe6+ Nxe6 17. Rxd6 Kf7 18. Rad1 Rfd8 19. Kf1 a5 20. Rxd8 Rxd8
21. Rxd8 Nxd8 22. Nd2 Ndc6 23. Nc4 b5 24. Nd6+ Ke6 25. Nxb5 Kd5 26. Ke2 g5 27. b3 h5 28. h3 e4 29. Nc7#
1-0

[Event "Tackle an Elephant"]
[Site "SchemingMind.com"]
[Date "2015.07.06"]
[Round "-"]
[White "ray winteringham"]
[Black "Scooter"]
[Result "0-1"]
[WhiteCountry "ENG"]
[BlackCountry "USA"]
[WhiteElo "1497"]
[WhiteRD "49"]
[BlackElo "1712"]
[BlackRD "45"]
[GameID "383033"]

1. e4 c6 2. d4 d5 3. e5 Bf5 4. Bd3 Bxd3 5. Qxd3 e6 6. Nf3 Nd7 7. Bf4 c5 8. c3 cxd4 9. Nxd4 Bc5 10. O-O Ne7
11. Bg3 O-O 12. Kh1 Nc6 13. f4 Bxd4 14. cxd4 Nb4 15. Qd1 Rc8 16. Nc3 a6 17. a3 Nc6 18. Bf2 Nb6 19. b3 Nd7 20. g3 Ncxe5
21. dxe5 Rxc3 22. Bd4 Rc6 23. b4 Nb6 24. Bc5 Re8 25. Qc2 Nd7 26. Qf2 Nxc5 27. bxc5 Qa5 28. Rfc1 Rec8 29. Qe1 Qxe1+ 30. Rxe1 Rxc5
31. a4 Rc2 32. Reb1 R8c7 33. Rb6 g6 34. h4 Rc1+ 35. Rxc1 Rxc1+ 36. Kh2 Rc4 37. a5 Rc5 38. Rxb7 Rxa5 39. Ra7 Ra2+ 40. Kg1 a5
41. Kf1 a4 42. Ke1 a3 43. Kd1 Ra1+ 44. Kc2 a2 45. Kb2 Rg1 46. Kxa2 Rxg3 47. Ra4 Rg4 48. Kb3 Rxh4 49. Kc3 g5 50. Ra8+ Kg7
51. fxg5 Rg4 52. Ra1 Rxg5 53. Kd4 h5 54. Re1 h4
0-1

[Event "Tackle an Elephant"]
[Site "SchemingMind.com"]
[Date "2015.07.16"]
[Round "-"]
[White "tyler_ensor"]
[Black "NovikovE"]
[Result "0-1"]
[WhiteCountry "CAN"]
[BlackCountry "RUS"]
[WhiteElo "1825"]
[WhiteRD "76"]
[BlackElo "2145"]
[BlackRD "101"]
[GameID "383333"]

1. d4 d5 2. c4 e6 3. Nc3 Nf6 4. Bg5 Be7 5. e3 O-O 6. Nf3 h6 7. Bh4 Nbd7 8. Rc1 c6 9. Bd3 dxc4 10. Bxc4 Nd5
11. Bxe7 Qxe7 12. O-O b6 13. Ne4 Bb7 14. Ne5 Rad8 15. Qe2 N5f6 16. Nxf6+ Qxf6 17. Nd3 e5 18. dxe5 Nxe5 19. Nxe5 Qxe5 20. Rfd1 c5
21. Rd2 Qg5 22. g3 Bf3 23. Qe1 Rxd2 24. Qxd2 Rd8 25. Qe1 Qe5 26. Be2 Bc6 27. Qc3 Qxc3 28. Rxc3 Rd2 29. Bg4 f5 30. Bh3 Rd1+
31. Bf1 Bb5
0-1

[Event "Tackle an Elephant"]
[Site "SchemingMind.com"]
[Date "2015.07.15"]
[Round "-"]
[White "NovikovE"]
[Black "tyler_ensor"]
[Result "1-0"]
[WhiteCountry "RUS"]
[BlackCountry "CAN"]
[WhiteElo "2098"]
[WhiteRD "109"]
[BlackElo "1770"]
[BlackRD "83"]
[GameID "383334"]

1. d4 Nf6 2. Nf3 e6 3. c4 d5 4. e3 Be7 5. Be2 O-O 6. O-O dxc4 7. Nc3 a6 8. Qc2 b5 9. a4 b4 10. Ne4 Nbd7
11. Bxc4 Bb7 12. Nxf6+ Bxf6 13. Rd1 Qc8 14. e4 c5 15. d5 exd5 16. Bxd5 Bxd5 17. Rxd5 c4 18. e5 Nb6 19. Rd4 Be7 20. a5 Nd7
21. Rxc4 Qb8 22. Bf4 Ra7 23. e6
1-0

[Event "Tackle an Elephant"]
[Site "SchemingMind.com"]
[Date "2015.07.14"]
[Round "-"]
[White "Phillip Beckett"]
[Black "NovikovE"]
[Result "0-1"]
[WhiteCountry "ENG"]
[BlackCountry "RUS"]
[WhiteElo "1545"]
[WhiteRD "51"]
[BlackElo "2088"]
[BlackRD "117"]
[GameID "383335"]

1. e4 e5 2. Nf3 Nf6 3. Nxe5 d6 4. Nf3 Nxe4 5. Qe2 Qe7 6. d3 Nf6 7. Bg5 Qxe2+ 8. Bxe2 Be7 9. Nbd2 h6 10. Bh4 Nc6
11. O-O-O g5 12. Bg3 Be6 13. Rhe1 Nh5 14. Nb3 g4 15. Nfd4 Nxd4 16. Nxd4 Bd7 17. Bf1 Kf8 18. f3 Nxg3 19. hxg3 h5 20. f4 h4
21. gxh4 Bxh4 22. Re3 Bf2 23. Re4 d5 24. Re5 Bxd4 25. Rxd5 Be3+ 26. Kb1 Rd8 27. f5 Rh2 28. Re1 Rh1 29. b3 c6 30. Re5 Bd4
31. R5e2 Bxf5 32. Kc1 g3 33. Kd2 b5 34. c3 Bg7 35. d4 b4 36. c4 Bh6+
0-1

[Event "Tackle an Elephant"]
[Site "SchemingMind.com"]
[Date "2015.07.13"]
[Round "-"]
[White "NovikovE"]
[Black "Phillip Beckett"]
[Result "1-0"]
[WhiteCountry "RUS"]
[BlackCountry "ENG"]
[WhiteElo "2047"]
[WhiteRD "125"]
[BlackElo "1543"]
[BlackRD "50"]
[GameID "383336"]

1. d4 d5 2. Nf3 Nf6 3. c4 e6 4. Nc3 Be7 5. e3 O-O 6. Bd3 dxc4 7. Bxc4 Nbd7 8. O-O c5 9. Qe2 cxd4 10. exd4 Nb6
11. Bb3 Nbd5 12. Ne5 Nxc3 13. bxc3 b6 14. Nc6 Qc7 15. Nxe7+ Qxe7 16. Rd1 Bb7 17. c4 Rfd8 18. d5 Re8 19. Bb2 exd5 20. Qxe7 Rxe7
21. cxd5 Rd7 22. d6 Rad8 23. Be5 Ne8 24. Ba4 Nxd6 25. Bxd7 Rxd7 26. Bxd6
1-0

[Event "Tackle an Elephant"]
[Site "SchemingMind.com"]
[Date "2015.07.12"]
[Round "-"]
[White "Scooter"]
[Black "NovikovE"]
[Result "0-1"]
[WhiteCountry "USA"]
[BlackCountry "RUS"]
[WhiteElo "1713"]
[WhiteRD "49"]
[BlackElo "2047"]
[BlackRD "125"]
[GameID "383337"]

1. d4 d5 2. Nf3 Nf6 3. Bf4 Bf5 4. e3 e6 5. Bd3 Nc6 6. Bxf5 exf5 7. h3 Bd6 8. Bxd6 Qxd6 9. c3 Ne4 10. O-O O-O
11. Nbd2 a5 12. Nxe4 fxe4 13. Nd2 f5 14. c4 Nb4 15. c5 Qh6 16. Nb3 f4 17. exf4 Ra6 18. Qd2 Nd3 19. Nxa5 Nxf4 20. Qb4 Nxh3+
21. gxh3 Rg6+ 22. Kh2 Rf3
0-1

[Event "Tackle an Elephant"]
[Site "SchemingMind.com"]
[Date "2015.07.12"]
[Round "-"]
[White "NovikovE"]
[Black "Scooter"]
[Result "1-0"]
[WhiteCountry "RUS"]
[BlackCountry "USA"]
[WhiteElo "2047"]
[WhiteRD "125"]
[BlackElo "1713"]
[BlackRD "49"]
[GameID "383338"]

1. d4 Nf6 2. Nf3 g6 3. c4 Bg7 4. Nc3 O-O 5. e4 d6 6. h3 b6 7. Be3 Bb7 8. Qc2 Nbd7 9. Be2 Re8 10. O-O e5
11. d5 c5 12. Ne1 Rb8 13. Nb5 Bf8 14. Nxa7 Ra8 15. Nb5 Ba6 16. b3 Bxb5 17. cxb5 Qc7 18. a4 Bg7 19. Nf3 Kh8 20. Nd2 Ng8
21. b4 Rac8 22. a5 cxb4 23. Qxc7 Rxc7 24. Nc4 bxa5 25. Nxd6 Ra8 26. Nxf7#
1-0

[Event "Tackle an Elephant"]
[Site "SchemingMind.com"]
[Date "2015.07.12"]
[Round "-"]
[White "ray winteringham"]
[Black "NovikovE"]
[Result "0-1"]
[WhiteCountry "ENG"]
[BlackCountry "RUS"]
[WhiteElo "1499"]
[WhiteRD "50"]
[BlackElo "2047"]
[BlackRD "125"]
[GameID "383339"]

1. e4 e5 2. Nf3 Nf6 3. Nc3 Nc6 4. g3 Bc5 5. d3 Ng4 6. Bg2 Nxf2 7. Qe2 Nxh1 8. Bxh1 d6 9. Be3 Nd4 10. Bxd4 Bxd4
11. Nxd4 exd4 12. Nd5 c6 13. Nf4 Qa5+ 14. Kf2 h5 15. h4 g5 16. Nxh5 gxh4 17. g4 Ke7 18. Qf3 Qg5 19. Rg1 Rg8 20. b3 Bxg4
21. Qg2 Qd2+ 22. Kf1 Qd1+ 23. Kf2 Qe2#
0-1

[Event "Tackle an Elephant"]
[Site "SchemingMind.com"]
[Date "2015.07.12"]
[Round "-"]
[White "NovikovE"]
[Black "ray winteringham"]
[Result "1-0"]
[WhiteCountry "RUS"]
[BlackCountry "ENG"]
[WhiteElo "1856"]
[WhiteRD "208"]
[BlackElo "1497"]
[BlackRD "49"]
[GameID "383340"]

1. e4 c5 2. Nf3 d6 3. Bc4 Bg4 4. Bxf7+ Kxf7 5. Ng5+ Ke8 6. Qxg4 Nf6 7. Qe6 Qd7 8. Qf7+ Kd8 9. Ne6+ Kc8 10. Nxf8 Nxe4
11. Nxd7
1-0

[Event "Tackle an Elephant"]
[Site "SchemingMind.com"]
[Date "2015.07.20"]
[Round "-"]
[White "echecs"]
[Black "tyler_ensor"]
[Result "0-1"]
[WhiteCountry "ENG"]
[BlackCountry "CAN"]
[WhiteElo "1802"]
[WhiteRD "67"]
[BlackElo "1835"]
[BlackRD "87"]
[GameID "383487"]

1. e4 c5 2. c3 d5 3. exd5 Qxd5 4. d4 Nf6 5. Nf3 Bg4 6. Be2 e6 7. O-O Nc6 8. h3 Bh5 9. Be3 cxd4 10. Nxd4 Bxe2
11. Qxe2 Nxd4 12. Bxd4 Be7 13. Nd2 O-O 14. Rfd1 Rfd8 15. Nf3 Qe4 16. Qb5 a6 17. Qg5 Rac8 18. Nh4 Rd5 19. Qg3 Nh5 20. Qf3 Qxh4
21. Re1 Qf4 22. Qxf4 Nxf4 23. Re4 Ng6 24. Rae1 Rcd8 25. g3 Nf8 26. Kg2 b5 27. a3 Nd7 28. Rg4 Bf6 29. Be3 Ne5 30. Re4 Nc4
31. Bc1 Rd1 32. g4 Rxe1 33. Rxe1 Kf8 34. Kf3 Rd3+ 35. Kg2 Bd8 36. f3 Bc7 37. h4 Ke7 38. h5 Kd7 39. b3 Ne5 40. b4 Nxf3
41. Re2 Rxc3 42. Bb2 Nh4+ 43. Kf1 Rf3+ 44. Ke1 g6 45. Kd1 Rg3 46. hxg6 hxg6 47. Re4 Rg1+ 48. Kc2 Nf3 49. Bc1 Ne5 50. Rd4+ Ke8
51. g5 Nf3 52. Re4 Nxg5 53. Rh4 Rg2+ 54. Kd3 Be5 55. Ke3 Rg1 56. Bd2 Ra1 57. Ke2 Ra2 58. Kd1 Nf3
0-1

[Event "Tackle an Elephant"]
[Site "SchemingMind.com"]
[Date "2015.07.20"]
[Round "-"]
[White "tyler_ensor"]
[Black "echecs"]
[Result "1-0"]
[WhiteCountry "CAN"]
[BlackCountry "ENG"]
[WhiteElo "1864"]
[WhiteRD "81"]
[BlackElo "1826"]
[BlackRD "64"]
[GameID "383488"]

1. d4 d6 2. c4 c6 3. Nc3 Nf6 4. e4 Nbd7 5. Nf3 e5 6. Be2 exd4 7. Nxd4 Be7 8. Nf5 O-O 9. Nxd6 Ne5 10. Nxc8 Qxd1+
11. Kxd1 Raxc8 12. Kc2 Bc5 13. f3 Rfd8 14. Bg5 Be7 15. Rad1 h6 16. Be3 b6 17. Rxd8+ Rxd8 18. Rd1 Rb8 19. a3 g5 20. Na2 c5
21. Nc3 Kg7 22. Nd5 Bd8 23. Bf2 Nfd7 24. Kb1 Kg6 25. Rd2 f5 26. exf5+ Kxf5 27. Bd1 Nxc4 28. Ne7+ Ke6 29. Re2+ Kf6 30. Nc6 Rc8
31. Nxa7 Rc7 32. Nb5 Rc6 33. Nc3 Nde5 34. Ne4+ Kg7 35. Bc2 Be7 36. Ng3 Bf6 37. Be4 Rc7 38. Nf5+ Kf8 39. Nxh6 Rd7 40. Ng4 Nxg4
41. fxg4 Nd2+ 42. Kc2 Nc4 43. Bf5 Rd6 44. Kb1 Kg7 45. Bg3 Rd8 46. Ka2 Ra8 47. Be6 Nxb2 48. Rxb2 Bxb2 49. Kxb2 Ra7 50. Bf2 Kf6
51. Bf5 Re7 52. Bd3 Rd7 53. Kc2 Ke5 54. g3 Rf7 55. Bf5 Ra7 56. Kb2 Ra8 57. h4 gxh4 58. gxh4 Kf4 59. h5 Kf3 60. Bh4 b5
61. h6 Re8 62. h7 Re2+ 63. Kc1 Re8 64. Bf6
1-0

[Event "Tackle an Elephant"]
[Site "SchemingMind.com"]
[Date "2015.07.20"]
[Round "-"]
[White "Phillip Beckett"]
[Black "echecs"]
[Result "0-1"]
[WhiteCountry "ENG"]
[BlackCountry "ENG"]
[WhiteElo "1545"]
[WhiteRD "51"]
[BlackElo "1798"]
[BlackRD "94"]
[GameID "383490"]

1. e4 e5 2. Nf3 Nc6 3. Bb5 a6 4. Bxc6 dxc6 5. d4 exd4 6. Qxd4 Bg4 7. Qxd8+ Rxd8 8. Ke2 Nf6 9. Nd2 Bb4 10. c3 Bc5
11. h3 Bxf3+ 12. gxf3 O-O 13. Nb3 Bb6 14. Be3 Nh5 15. Rad1 Rde8 16. Rhg1 f5 17. Rd7 fxe4 18. fxe4 Rxe4 19. Rg5 g6 20. Rg1 Nf4+
21. Kf1 Bxe3 22. fxe3 Nxh3+ 23. Kg2 Nxg1 24. Kxg1 Rg4+ 25. Kh2 Rf2+ 26. Kh3 Rfg2 27. Nd4 R2g3+ 28. Kh2 Rg2+ 29. Kh3 R4g3+ 30. Kh4 g5+
31. Kh5 Rh3#
0-1

[Event "Tackle an Elephant"]
[Site "SchemingMind.com"]
[Date "2015.07.20"]
[Round "-"]
[White "echecs"]
[Black "Scooter"]
[Result "1-0"]
[WhiteCountry "ENG"]
[BlackCountry "USA"]
[WhiteElo "1821"]
[WhiteRD "79"]
[BlackElo "1723"]
[BlackRD "47"]
[GameID "383491"]

1. e4 c6 2. d4 d5 3. Nc3 dxe4 4. Nxe4 Bf5 5. Ng3 Bg6 6. Nf3 Nd7 7. h4 h6 8. Bd3 Bxd3 9. Qxd3 Qc7 10. Be3 O-O-O
11. O-O-O Ngf6 12. Qa3 a6 13. Qb3 e6 14. Ne5 Nxe5 15. dxe5 Nd5 16. Bd4 c5 17. Be3 Qxe5 18. Rhe1 Nxe3 19. Rxd8+ Kxd8 20. Rxe3 Qc7
21. Rd3+ Bd6 22. Ne4 Ke7 23. Nxd6 b5 24. Rd1 Rd8 25. Ne4 Qf4+ 26. Qe3 Rxd1+ 27. Kxd1 Qxh4 28. Qxc5+ Kd8 29. Qb6+ Ke7 30. Qc7+ Kf8
31. Qc5+ Kg8 32. Ng3 Qg4+ 33. Ke1 Qf4 34. Ne2 Qe4 35. g3 e5 36. Qc8+ Kh7 37. Qc3 Qh1+ 38. Kd2 f6 39. Qd3+ e4 40. Qe3 a5
41. Nc3 Qh5 42. Qxe4+ f5 43. Qf4 b4 44. Nd5 Qf7 45. Qe5 h5 46. a3 bxa3 47. bxa3 Qd7 48. c4 Qd8 49. Qxf5+ g6 50. Qf7+ Kh6
51. Qf4+ Kg7 52. Qc7+
1-0

[Event "Tackle an Elephant"]
[Site "SchemingMind.com"]
[Date "2015.07.20"]
[Round "-"]
[White "Scooter"]
[Black "echecs"]
[Result "0-1"]
[WhiteCountry "USA"]
[BlackCountry "ENG"]
[WhiteElo "1723"]
[WhiteRD "47"]
[BlackElo "1821"]
[BlackRD "79"]
[GameID "383492"]

1. d4 d6 2. Nf3 c6 3. Bf4 Nd7 4. e3 Ngf6 5. Be2 Nh5 6. Bg5 h6 7. Bh4 Nhf6 8. Bxf6 Nxf6 9. O-O Qb6 10. b3 e6
11. c4 Be7 12. Nbd2 O-O 13. Qc2 Qa5 14. a3 Qh5 15. Rfe1 Qg6 16. Qxg6 fxg6 17. h3 a6 18. Bd3 g5 19. Bg6 b6 20. e4 Nd7
21. e5 a5 22. Ne4 d5 23. cxd5 cxd5 24. Nc3 Rf4 25. Nb5 Nf8 26. Bc2 g4 27. hxg4 Rxg4 28. Rac1 Bd7 29. a4 Bb4 30. Red1 Ng6
31. Bxg6 Rxg6 32. Nc7 Rf8 33. Kf1 Rf4 34. Na6 Ba3 35. Rc7 Be8 36. Rc8 Kf7 37. Rc7+ Kg8 38. Nb8 b5 39. Nc6 bxa4 40. Ne7+ Bxe7
41. Rxe7 Kf8 42. Ra7 axb3 43. Rxa5 Rf7 44. Ra8 Rb7 45. Rb1 Kf7 46. Ra3 Bb5+ 47. Ke1 Bc4 48. g3 Rg4 49. Nd2 Rxd4 50. Nxb3 Re4+
51. Kd1 Rxe5 52. Nd2 Rxb1+ 53. Nxb1 Rf5 54. f4 g5 55. Nd2 Bb5 56. Ra5 Bd3 57. Ra3 Bb5 58. Ra5 Be8 59. fxg5 Rxg5 60. Nf1 Kf6
61. Ke2 Bh5+ 62. Kf2 Bg4 63. Ne3 Bh3 64. Ra8 Ke5 65. Ra5 Ke4 66. Ra4+ d4 67. Nc2 e5 68. Ne1 Rf5+ 69. Kg1 Rf1+ 70. Kh2 Bg4
71. Ra1 h5 72. Kg2 Rf6 73. Ra4 Rb6 74. Ra5 Rb2+ 75. Kg1 Re2 76. Kf1 d3 77. Ra4+ Ke3 78. Ng2+ Kf3 79. Ne1+ Kxg3 80. Nxd3 e4
81. Ne5 Rf2+ 82. Ke1 Bf3
0-1

[Event "Tackle an Elephant"]
[Site "SchemingMind.com"]
[Date "2015.07.20"]
[Round "-"]
[White "echecs"]
[Black "ray winteringham"]
[Result "1-0"]
[WhiteCountry "ENG"]
[BlackCountry "ENG"]
[WhiteElo "1778"]
[WhiteRD "115"]
[BlackElo "1499"]
[BlackRD "50"]
[GameID "383493"]

1. e4 e5 2. Nf3 d6 3. Nc3 a6 4. d4 exd4 5. Nxd4 Be6 6. Bd3 Be7 7. O-O c5 8. Nxe6 fxe6 9. Re1 Nc6 10. f4 Qb6
11. Na4 Qc7 12. e5 b5 13. Qh5+ Kd7 14. exd6 Bxd6 15. Nxc5+ Ke7 16. Nxe6
1-0

[Event "Tackle an Elephant"]
[Site "SchemingMind.com"]
[Date "2015.07.20"]
[Round "-"]
[White "ray winteringham"]
[Black "echecs"]
[Result "0-1"]
[WhiteCountry "ENG"]
[BlackCountry "ENG"]
[WhiteElo "1484"]
[WhiteRD "52"]
[BlackElo "1821"]
[BlackRD "79"]
[GameID "383494"]

1. e4 e5 2. Nf3 Nc6 3. Bb5 a6 4. Ba4 Nf6 5. d3 b5 6. Bb3 h6 7. Nc3 d6 8. Be3 Bb7 9. Qd2 Na5 10. Nd5 Nxb3
11. Nxf6+ Qxf6 12. axb3 Be7 13. Qa5 Bd8 14. O-O O-O 15. Qd2 Bc8 16. h3 Qg6 17. Kh2 f5 18. exf5 Rxf5 19. Rg1 Rxf3 20. gxf3 Qh5
21. Rg2 Qxh3+ 22. Kg1 Kf8 23. Rh2 Qxf3 24. Kf1 Bh3+ 25. Ke1 Qg4 26. Rh1 Qf3 27. Rg1 Bg4 28. Bxh6 Bf6 29. Bg5 Ke7 30. Bxf6+ gxf6
31. Qe3 Qxe3+ 32. fxe3 f5 33. Kd2 c5 34. Rh1 Ke6 35. Rh6+ Kd7 36. Rah1 Kc6 37. Rf6 Rd8 38. Rhh6 a5 39. Rh7 c4 40. Rff7 cxb3
41. cxb3 Ra8 42. e4 f4 43. Rc7+ Kb6 44. Rb7+ Kc5 45. Kc3 Rc8 46. Rbc7+ Rxc7 47. Rxc7+ Kb6 48. Rg7 Bd1 49. Rg6 Kc5 50. Rg5 b4+
51. Kd2 Bxb3 52. Rg7 a4 53. Rc7+ Kb6 54. Rc1 Be6 55. Ke1 d5 56. Kf2 a3 57. bxa3 bxa3 58. Ke2 dxe4 59. dxe4 Kb5 60. Kf3 Kb4
61. Rb1+ Kc3 62. Ra1 Kb2 63. Rg1 a2 64. Kf2 a1=Q 65. Rxa1 Kxa1 66. Kf3 Kb2 67. Kf2 Kc3 68. Ke2 Bc4+ 69. Kf3 Bd3
0-1

[Event "Tackle an Elephant"]
[Site "SchemingMind.com"]
[Date "2015.07.20"]
[Round "-"]
[White "echecs"]
[Black "NovikovE"]
[Result "0-1"]
[WhiteCountry "ENG"]
[BlackCountry "RUS"]
[WhiteElo "1798"]
[WhiteRD "94"]
[BlackElo "2088"]
[BlackRD "117"]
[GameID "383495"]

1. e4 e5 2. Nf3 Nf6 3. Nc3 Nc6 4. Bc4 Nxe4 5. Nxe4 d5 6. Bd3 dxe4 7. Bxe4 Ne7 8. O-O f5 9. Nxe5 fxe4 10. d4 exd3
11. Nxd3 Bf5 12. Re1 Qd7 13. Qf3 O-O-O 14. Ne5 Qd5 15. Qf4 Bxc2 16. Be3 Ng6 17. Nxg6 hxg6 18. Rac1 Bd6
0-1